LEADER 00717nam a2200193 i 4500 001 000000066452 003 CaOOAMICUS 005 20140115000000.0 008 140115s1964 xx u000 u lat u 013 $a37624 040 $aSeMil$bita 245 10$aPars dogmatica. 250 $aEditio altera et recognita. 300 $a308 p. 700 1 $aLonergan, Bernard J. F.,$c.$0(OLS)http://semarc/name/2591 773 0 $aPontificia Università Gregoriana $tDe Deo Trino.$dRomae : Apud Aedes Universitatis Gregorianae, 1964.$g1$w()29328 850 $aSeMil 852 $aSeMil$W1$xVenegono$y1$m2N IV 43$j32605$B32605$CSeMilBibl$Z2$F32608 $81 996 $6245$aPars dogmatica$9(OLS)http://semarc/title/105667